Третья рецензия на третье сочинение Ф.В. Фаррара "Первые дни христианства" по переводу с последнего англ. издания А.П. Лопухина, в издании книгопродавца И.Л. Тузова от 1888 года (Запись № 3919174)

Подробности
000 -МАРКЕР
контрольное поле 02255nam0a22003251 4500
001 - ИДЕНТИФИКАТОР ЗАПИСИ
контрольное поле v19\rc\1541412
005 - ИДЕНТИФИКАТОР ВЕРСИИ
контрольное поле 20250618201117.0
035 ## - ДРУГИЕ СИСТЕМНЫЕ НОМЕРА
Идентификатор записи (NLR Aleph) 004689796
100 ## - ДАННЫЕ ОБЩЕЙ ОБРАБОТКИ
Данные общей обработки 20060620e18891889|||y0rusy50 ca
101 0# - ЯЗЫК РЕСУРСА
Язык текста, звукозаписи и т.д. русский
102 ## - СТРАНА ПУБЛИКАЦИИ ИЛИ ПРОИЗВОДСТВА
Страна публикации Российская Федерация
105 ## - ПОЛЕ КОДИРОВАННЫХ ДАННЫХ: ТЕКСТОВЫЕ МАТЕРИАЛЫ, МОНОГРАФИЧЕСКИЕ
Кодированные данные о монографическом текстовом документе y z |||||
200 1# - ЗАГЛАВИЕ И СВЕДЕНИЯ ОБ ОТВЕТСТВЕННОСТИ
Основное заглавие Третья рецензия на третье сочинение Ф.В. Фаррара "Первые дни христианства" по переводу с последнего англ. издания А.П. Лопухина, в издании книгопродавца И.Л. Тузова от 1888 года
Первые сведения об ответственности [П.В.]
210 ## - ПУБЛИКАЦИЯ, РАСПРОСТРАНЕНИЕ И ДР.
Место издания, распространения и т.д. Кострома
Имя издателя, распространителя и т. д. Губ. тип.
Дата издания, распространения и т.д. 1889 (обл. 1890)
215 ## - ФИЗИЧЕСКАЯ ХАРАКТЕРИСТИКА
Специфическое обозначение материала и объем [2], 79 с.
Размеры 24
300 ## - ОБЩИЕ ПРИМЕЧАНИЯ
Текст примечания Авт. раскрыт по аналогии с др. его произведениями
311 ## - ПРИМЕЧАНИЯ, ОТНОСЯЩИЕСЯ К ПОЛЯМ СВЯЗИ (ПРИМЕЧАНИЯ О СВЯЗИ С ДРУГИМИ ПРОИЗВЕДЕНИЯМИ (ИЗДАНИЯМИ))
Текст примечания Из № 4, 6, 9, 11, 15, 18-20 1889 г. и № 1 и 3 1890 г. "Костром. епарх. вед."
470 #0 - РЕЦЕНЗИРУЕМЫЙ, РЕФЕРИРУЕМЫЙ ДОКУМЕНТ
Встроенное поле 2001#$aПервые дни христианства$eПо переводу с последнего англ. издания А.П. Лопухина, в изд. книгопродавца И.Л. Тузова от 1888 года
-- 700#1$aФаррар$bФ.-В.$f1831-1903$gФредерик-Вильям
Заглавие Первые дни христианства
Автор Фаррар, Фредерик-Вильям (1831-1903)
488 #0 - ДРУГИЕ ВЗАИМОСВЯЗАННЫЕ ПРОИЗВЕДЕНИЯ (ДОКУМЕНТЫ)
Встроенное поле 2001#$aКостромские епархиальные ведомости$v1889, № 4, 6, 9, 11, 15, 18-20; 1890, № 1, 3
Заглавие Костромские епархиальные ведомости
532 10 - РАСШИРЕННОЕ ЗАГЛАВИЕ
Заглавие Третья рецензия на третье сочинение Фредерика Вильяма Фаррара "Первые дни христианства" по переводу с последнего англ. издания А.П. Лопухина, в издании книгопродавца И.Л. Тузова от 1888 года
700 #1 - ИМЯ ЛИЦА - ПЕРВИЧНАЯ ОТВЕТСТВЕННОСТЬ
Системный номер авторитетной/нормативной записи z01790
Начальный элемент ввода Виноградов
Часть имени, кроме начального элемента ввода П.Т.
Расширение инициалов личного имени Петр Тихонович
790 #0 - ИМЯ ЛИЦА - АЛЬТЕРНАТИВНАЯ ФОРМА
Системный номер авторитетной/нормативной записи z01700
Начальный элемент ввода П.В.
801 #0 - ИСТОЧНИК ЗАПИСИ
Страна Российская Федерация
Организация NLR
Правила каталогизации psbo
801 #0 - ИСТОЧНИК ЗАПИСИ
Страна Российская Федерация
Организация RuMoRGB
Источник данных psbo
801 #1 - ИСТОЧНИК ЗАПИСИ
Страна Российская Федерация
Организация ProSoft-M
Источник данных rusmarc
852 ## - МЕСТОНАХОЖДЕНИЕ И ШИФР ХРАНЕНИЯ
Идентификатор организации NLR
Шифр хранения (Call Number) 18.275.1.66
899 ## - ДАННЫЕ О МЕСТОНАХОЖДЕНИИ (устаревшее)
Местонахождение RuMoRGB
Шифр хранения A 176/173
942 ## - ДОПОЛНИТЕЛЬНЫЕ ЭЛЕМЕНТЫ ЗАПИСИ (АБИС)
Тип экземпляра АБИС Книга
980 ## - КОЛЛЕКЦИЯ
Название коллекции Национальная библиография
Экземпляры
Тип экземпляра Дата поступления Библиотека постоянного хранения Библиотека текущего хранения Место хранения Шифр хранения Штрих-код Статус экземпляра
Книга 26.10.2013 РНБ (Садовая) РНБ (Садовая) Русский книжный фонд -Главное здание, Ленинский читальный зал 18.275.1.66 4689796-10